| 000 | 00784cpmaa2200241 4500 | ||
|---|---|---|---|
| 001 | mm 79001002 | ||
| 003 | DLC | ||
| 005 | 20260227111634.0 | ||
| 008 | 790423|||||||||||| eng | ||
| 010 | _amm 79001002 | ||
| 040 |
_aDLC _cDLC _edacs _dDLC |
||
| 072 | 7 |
_aL _2lcmd |
|
| 100 | 1 |
_aDana, Richard Henry, _d1815-1882. |
|
| 245 | 0 | 0 |
_aRichard Henry Dana correspondence, _f1843-1876. |
| 300 |
_a2 _fitems. |
||
| 506 | 0 | _aOpen to research. | |
| 545 | 0 | _aLawyer and author. | |
| 546 | _aCollection material in English. | ||
| 580 | _aForms part of: Miscellaneous Manuscripts collection. | ||
| 656 | 7 |
_aAuthors. _2itoamc |
|
| 656 | 7 |
_aLawyers. _2itoamc |
|
| 999 |
_c40597 _d40597 |
||